000
00296nam a22001337a 4500
008
181019b xxu||||| |||| 00| 0 eng d
020
_a
0814459552
041
_a
eng
080
_a
004
100
_a
28
101
_a
SHK
245
_a
Windows into Organizations
_c
Newstrom,J.W
942
_2
udc
_c
BK
999
_c
50290
_d
50290